[Event "Titled Tue 1st Jul Early"]
[Site "chess.com INT"]
[Date "2025.07.01"]
[Round "8"]
[White "Panda, Sambit"]
[Black "Mora Munoz, Alejandro"]
[Result "1-0"]
[WhiteTitle "IM"]
[BlackTitle "FM"]
[WhiteElo "2379"]
[BlackElo "2147"]
[WhiteFideId "25091794"]
[BlackFideId "4469844"]
[EventDate "2025.07.01"]

1. d4 Nf6 2. Nf3 e6 3. c4 b6 4. Nc3 Bb7 5. a3 Be7 6. Qc2 d5 7. cxd5 exd5 8. Bf4
c5 9. e3 O-O 10. Bd3 c4 11. Bf5 g6 12. Bh3 Nc6 13. O-O Bc8 14. Bxc8 Rxc8 15. Ne5
Nh5 16. Bh6 Re8 17. f4 Nxe5 18. fxe5 f6 19. Rad1 Ng7 20. e4 dxe4 21. Qxe4 f5 22.
Qe2 Ne6 23. Be3 Qd7 24. d5 Ng7 25. Kh1 Bc5 26. Bg5 Bd6 27. e6 Qc7 28. Nb5 Qb8
29. Nxd6 Qxd6 30. Bf4 Qc5 31. Rfe1 c3 32. bxc3 Qxa3 33. Be5 Rcd8 34. Bxg7 Kxg7
35. d6 Rxd6 36. Qe5+ 1-0

[Event "Titled Tue 1st Jul Early"]
[Site "chess.com INT"]
[Date "2025.07.01"]
[Round "8"]
[White "Kamalsyah, Muhammad"]
[Black "Fikiet, Alex"]
[Result "1-0"]
[WhiteTitle "FM"]
[WhiteElo "2314"]
[BlackElo "2151"]
[WhiteFideId "7105932"]
[BlackFideId "2052717"]
[EventDate "2025.07.01"]

1. d4 d6 2. Nf3 Bg4 3. g3 Bxf3 4. exf3 Nd7 5. Bg2 e5 6. O-O Be7 7. f4 exd4 8.
Bxb7 Rb8 9. Bc6 Rb6 10. Bxd7+ Qxd7 11. Qxd4 Nf6 12. Re1 O-O 13. Nd2 c5 14. Qd3
d5 15. c4 d4 16. Nf3 Bd6 17. b3 Qh3 18. Bd2 Bb8 19. Ng5 Qh5 20. Qf3 Qg6 21. Re7
Qc2 22. Qd1 Qd3 23. Ba5 Qxd1+ 24. Rxd1 Ra6 25. b4 Bd6 26. Rb7 h6 27. Nf3 Ne4 28.
a3 Nc3 29. Rd3 Re8 30. Kf1 Ne4 31. Nd2 Nf6 32. Nb3 cxb4 33. axb4 Ne4 34. Rxd4 1-0

[Event "Titled Tue 1st Jul Early"]
[Site "chess.com INT"]
[Date "2025.07.01"]
[Round "8"]
[White "Levitan, Caleb Levi"]
[Black "Venskaya, Nika"]
[Result "1-0"]
[WhiteTitle "FM"]
[BlackTitle "WCM"]
[WhiteElo "2399"]
[BlackElo "1926"]
[WhiteFideId "14332620"]
[BlackFideId "13523503"]
[EventDate "2025.07.01"]

1. e4 c5 2. Nf3 d6 3. d4 cxd4 4. Nxd4 Nf6 5. Nc3 g6 6. Be3 Bg7 7. f3 O-O 8. Qd2
Nc6 9. Bc4 Nxd4 10. Bxd4 Be6 11. Bb3 Qa5 12. O-O-O Rfc8 13. Kb1 b5 14. Bxf6 Bxf6
15. Nd5 Qxd2 16. Nxf6+ Kg7 17. Nh5+ gxh5 18. Rxd2 Bxb3 19. axb3 Rc5 20. Rhd1
Rac8 21. c3 a5 22. Rd5 Kf6 23. Kc2 h4 24. Kd3 Rg8 25. Rd2 Rg5 26. Rxg5 Kxg5 27.
Ke3 f5 28. exf5 Kxf5 29. Rd4 Re5+ 30. Kf2 Kg6 31. Rxh4 h5 32. Re4 Kf5 33. Rxe5+
Kxe5 34. Ke3 h4 35. g3 hxg3 36. hxg3 d5 37. g4 e6 38. f4+ Kd6 39. Kd4 Kc6 40.
Ke5 b4 41. cxb4 axb4 42. g5 Kc5 43. g6 d4 44. g7 d3 45. g8=Q d2 46. Qc8+ Kb5 47.
Qd7+ 1-0

[Event "Titled Tue 1st Jul Early"]
[Site "chess.com INT"]
[Date "2025.07.01"]
[Round "8"]
[White "Saydaliev, Saidakbar"]
[Black "Jammalamadaka, Vihaan"]
[Result "1-0"]
[WhiteTitle "IM"]
[BlackTitle "CM"]
[WhiteElo "2457"]
[BlackElo "1977"]
[WhiteFideId "14203693"]
[BlackFideId "30977134"]
[EventDate "2025.07.01"]

1. e4 c5 2. Nf3 e6 3. c3 d5 4. e5 d4 5. d3 Nc6 6. g3 Nge7 7. Bg2 Ng6 8. O-O
Ngxe5 9. Nxe5 Nxe5 10. Bf4 Ng6 11. Bd2 Be7 12. h4 Ne5 13. Bf4 Ng6 14. Bd2 Ne5
15. Bf4 Ng6 16. Bc1 h5 17. Re1 Bf6 18. cxd4 Bxd4 19. Nc3 a6 20. Bg5 Qc7 21. Be3
Bd7 22. Rc1 Bc6 23. Bxd4 cxd4 24. Ne4 Qe7 25. Ng5 Bxg2 26. Kxg2 Qf6 27. Qa4+ b5
28. Qb4 Ne7 29. Ne4 Qg6 30. Nd6+ Kf8 31. Qxd4 Rd8 32. Rc7 Rh6 33. Qc5 Qf6 34.
Re3 Kg8 35. Rf3 1-0

[Event "Titled Tue 1st Jul Early"]
[Site "chess.com INT"]
[Date "2025.07.01"]
[Round "8"]
[White "Logachiov, Aleksandr"]
[Black "Ankit Ray"]
[Result "0-1"]
[WhiteTitle "CM"]
[BlackTitle "FM"]
[WhiteElo "2129"]
[BlackElo "2248"]
[WhiteFideId "24123706"]
[BlackFideId "25770624"]
[EventDate "2025.07.01"]

1. d4 Nf6 2. Bg5 d6 3. Bxf6 exf6 4. c4 d5 5. e3 c6 6. Nc3 dxc4 7. Bxc4 g6 8.
Nge2 Bg7 9. h4 h5 10. Qc2 a5 11. a4 Na6 12. Nf4 Nb4 13. Qb3 Qe7 14. O-O g5 15.
Nfe2 gxh4 16. d5 h3 17. d6 Qd7 18. gxh3 Qxh3 19. Bxf7+ Kf8 20. Nf4 Qg4+ 21. Kh1
Bh6 22. Bg6 Qh4+ 23. Kg1 Qg4+ 24. Kh2 Bxf4+ 25. exf4 Qxg6 26. Rg1 Qf5 27. Rae1
Qh3# 0-1

[Event "Titled Tue 1st Jul Early"]
[Site "chess.com INT"]
[Date "2025.07.01"]
[Round "8"]
[White "Mikhailova, Irina"]
[Black "Fernandes, Rogerio Paulo Muller"]
[Result "1/2-1/2"]
[WhiteTitle "WGM"]
[WhiteElo "2143"]
[BlackElo "2241"]
[WhiteFideId "4109040"]
[BlackFideId "2101599"]
[EventDate "2025.07.01"]

1. d4 Nf6 2. Nf3 c5 3. c4 cxd4 4. Nxd4 Nc6 5. Nc3 g6 6. e4 Bg7 7. Be3 d6 8. Be2
O-O 9. O-O Bd7 10. f3 a6 11. Qd2 Rc8 12. Rac1 Qa5 13. b3 Ne8 14. Rfd1 Nxd4 15.
Bxd4 Bxd4+ 16. Qxd4 Qc5 17. Nd5 Qxd4+ 18. Rxd4 e5 19. Ne7+ Kg7 20. Nxc8 exd4 21.
Nb6 Bc6 22. Rd1 f5 23. exf5 Rxf5 24. Rxd4 Re5 25. Kf2 g5 26. b4 Kf6 27. a4 Ke7
28. b5 axb5 29. cxb5 Bd7 30. Nxd7 Kxd7 31. a5 Kc7 32. a6 Kb6 33. Ra4 Nc7 34. Bd3
h5 35. axb7 Kxb7 36. Be4+ Kb6 37. Bg6 h4 38. Bd3 Nxb5 39. Rb4 Ka5 40. Rxb5+ Rxb5
41. Bxb5 Kxb5 42. Ke3 Kc4 43. g3 hxg3 44. hxg3 d5 45. Kd2 Kd4 46. f4 gxf4 47.
gxf4 Ke4 48. Kc3 Ke3 49. Kc2 Kxf4 50. Kd3 Ke5 51. Ke3 d4+ 52. Kd3 Kd5 53. Kd2
Kc4 54. Kc2 Kd5 55. Kd3 Ke5 56. Kd2 Ke4 57. Ke2 d3+ 58. Kd2 Kd4 59. Kd1 Kc4 60.
Kd2 Kb3 61. Kxd3 1/2-1/2

[Event "Titled Tue 1st Jul Early"]
[Site "chess.com INT"]
[Date "2025.07.01"]
[Round "8"]
[White "Sakun, Volodymyr"]
[Black "Flynn, Jacob"]
[Result "0-1"]
[WhiteTitle "FM"]
[BlackTitle "CM"]
[WhiteElo "2301"]
[BlackElo "2275"]
[WhiteFideId "14114062"]
[BlackFideId "2509393"]
[EventDate "2025.07.01"]

1. d4 Nf6 2. Nf3 d5 3. e3 c6 4. c4 e6 5. Bd3 dxc4 6. Bxc4 b5 7. Bd3 Nbd7 8. e4
a6 9. e5 Nd5 10. Nc3 Nxc3 11. bxc3 c5 12. O-O Bb7 13. Ng5 Be7 14. f4 g6 15. Be3
O-O 16. h4 Rc8 17. Nxh7 Kxh7 18. h5 Kg7 19. Qg4 Rh8 20. hxg6 Rh4 21. Qg3 Qh8 22.
gxf7+ Kf8 23. Kf2 Rh2 24. Qg8+ Qxg8 25. fxg8=Q+ Kxg8 26. Rg1 cxd4 27. cxd4 Rc3
28. Rad1 Nb6 29. f5 exf5 30. Bxf5 Bd5 31. Bf4 Rf3+ 0-1

[Event "Titled Tue 1st Jul Early"]
[Site "chess.com INT"]
[Date "2025.07.01"]
[Round "8"]
[White "Dyulgerov, Volen"]
[Black "Bulatova, Kamaliya"]
[Result "1-0"]
[WhiteTitle "CM"]
[BlackTitle "WFM"]
[WhiteElo "2181"]
[BlackElo "2091"]
[WhiteFideId "2918978"]
[BlackFideId "34111546"]
[EventDate "2025.07.01"]

1. e4 c5 2. d4 cxd4 3. c3 d3 4. Bxd3 Nc6 5. Ne2 Nf6 6. f4 d6 7. h3 e5 8. O-O Be7
9. c4 h5 10. Nbc3 Nb4 11. Be3 Be6 12. Nd5 Bxd5 13. cxd5 O-O 14. Bb1 Qd7 15. a3
Na6 16. b4 Bd8 17. Ng3 Bb6 18. Bxb6 axb6 19. fxe5 dxe5 20. Rxf6 gxf6 21. Nf5 Qc7
22. Bd3 Rfc8 23. Qxh5 Qd8 24. d6 Nxb4 25. Qg4+ Kf8 26. Qg7+ Ke8 27. Bb5+ Nc6 28.
Qg8+ Kd7 29. Qxf7+ 1-0

[Event "Titled Tue 1st Jul Early"]
[Site "chess.com INT"]
[Date "2025.07.01"]
[Round "8"]
[White "Bortnyk, Olexandr"]
[Black "Gharibyan, Mamikon"]
[Result "1-0"]
[WhiteTitle "GM"]
[BlackTitle "GM"]
[WhiteElo "2601"]
[BlackElo "2495"]
[WhiteFideId "14120828"]
[BlackFideId "13308300"]
[EventDate "2025.07.01"]

1. d4 Nf6 2. Nc3 d5 3. Bf4 c5 4. e4 cxd4 5. Qxd4 Nc6 6. Bb5 Bd7 7. Bxc6 Bxc6 8.
e5 Nd7 9. e6 fxe6 10. Nf3 Qb6 11. Qd2 g5 12. Be3 Qc7 13. Nxg5 Qd6 14. O-O-O Bg7
15. Rhe1 h6 16. Nxe6 Qxe6 17. Bd4 Qf7 18. Bxg7 Qxg7 19. Nxd5 Bxd5 20. Qxd5 O-O-O
21. Qe6 Kb8 22. Rxd7 Rxd7 23. Qxd7 Qxg2 24. b3 a6 25. Rxe7 Rc8 26. Re8 Rxe8 27.
Qxe8+ Kc7 28. Qe7+ Kb8 29. Qf8+ Ka7 30. Qxh6 Qxf2 31. Qh8 Qg1+ 32. Kb2 Kb6 33.
h4 a5 34. a4 Ka6 35. h5 b5 36. Qf6+ Kb7 37. h6 bxa4 38. Qg7+ 1-0

[Event "Titled Tue 1st Jul Early"]
[Site "chess.com INT"]
[Date "2025.07.01"]
[Round "8"]
[White "Plichta, Kamil"]
[Black "Indjic, Aleksandar"]
[Result "0-1"]
[WhiteTitle "FM"]
[BlackTitle "GM"]
[WhiteElo "2361"]
[BlackElo "2661"]
[WhiteFideId "1141830"]
[BlackFideId "911925"]
[EventDate "2025.07.01"]

1. Nf3 c5 2. g3 Nc6 3. Bg2 g6 4. c4 Bg7 5. Nc3 d6 6. O-O h5 7. h4 Bg4 8. Rb1 Qd7
9. a3 Bxc3 10. bxc3 b6 11. d3 Bh3 12. e4 Bxg2 13. Kxg2 Nf6 14. Re1 Ng4 15. Ng1
f5 16. Bg5 O-O-O 17. exf5 Qxf5 18. Qf3 Qxf3+ 19. Nxf3 Kd7 20. a4 Rde8 21. Re4
Rhf8 22. Rb2 Rf7 23. Rbe2 Ref8 24. Rf4 Nge5 25. Rxf7 Rxf7 26. Ne1 e6 27. Bf4 Ng4
28. f3 Nf6 29. Bg5 Ne8 30. Nc2 Ne5 31. Bf4 Nxd3 32. Re4 Nf6 33. Re3 Nxf4+ 34.
gxf4 Ne8 35. Kg3 Ng7 36. Rd3 Nf5+ 37. Kh3 a6 38. Rd1 Kc6 39. Re1 Rf6 40. Re2 d5
41. cxd5+ exd5 42. Ne1 c4 43. Nc2 Kc5 44. Re5 a5 45. Re1 Kd6 46. Rb1 Kc6 47. Re1
Rd6 48. Rd1 Re6 49. Rg1 Kc5 50. Rg2 d4 51. cxd4+ Nxd4 52. Nxd4 Kxd4 53. f5 gxf5
54. Rg5 c3 55. Rg8 c2 56. Rc8 Kd3 57. Rd8+ Kc3 58. Rc8+ Kb2 0-1

[Event "Titled Tue 1st Jul Early"]
[Site "chess.com INT"]
[Date "2025.07.01"]
[Round "8"]
[White "Ishvi, Aggarwal"]
[Black "Milanovic, Vojislav"]
[Result "0-1"]
[WhiteTitle "WCM"]
[BlackTitle "IM"]
[WhiteElo "1954"]
[BlackElo "2293"]
[WhiteFideId "25728890"]
[BlackFideId "905046"]
[EventDate "2025.07.01"]

1. d4 e6 2. c4 c5 3. d5 exd5 4. cxd5 d6 5. Nc3 a6 6. a4 Ne7 7. e4 Ng6 8. Nf3 Be7
9. Be2 O-O 10. O-O Nd7 11. h3 Re8 12. Re1 Bf6 13. Bf1 b6 14. Qc2 Rb8 15. b3 Nde5
16. Nxe5 Bxe5 17. g3 Qf6 18. Bb2 h5 19. Nd1 h4 20. Bxe5 Nxe5 21. Ne3 Nf3+ 22.
Kg2 Nxe1+ 23. Rxe1 b5 24. axb5 axb5 25. Nd1 Qh6 26. g4 Qf4 27. Nc3 Bd7 28. Re3
b4 29. Ne2 Qf6 30. f4 Ra8 31. Kf3 Ra3 32. Nc1 Rea8 33. Bc4 g5 34. f5 Qe5 35. Ne2
Qh2 36. e5 Qxh3+ 37. Kf2 Qh2+ 38. Kf3 Ra1 39. Ke4 Qxe5+ 40. Kf3 Rf1+ 41. Kg2
Qxe3 0-1

[Event "Titled Tue 1st Jul Early"]
[Site "chess.com INT"]
[Date "2025.07.01"]
[Round "8"]
[White "Yushko, Olga"]
[Black "Sailer, Mike"]
[Result "1-0"]
[WhiteTitle "WFM"]
[WhiteElo "2033"]
[BlackElo "2108"]
[WhiteFideId "14114500"]
[BlackFideId "2012901"]
[EventDate "2025.07.01"]

1. d4 d5 2. c4 Bf5 3. Nc3 e6 4. cxd5 exd5 5. Bf4 Bb4 6. e3 Nf6 7. Qa4+ Nc6 8.
Bb5 Bxc3+ 9. bxc3 Bd7 10. Nf3 O-O 11. O-O a6 12. Bd3 Ne5 13. Qd1 Nxd3 14. Qxd3
Ne4 15. Ne5 Bf5 16. Rfc1 f6 17. Nf3 g5 18. Qe2 gxf4 19. Nh4 Bg6 20. exf4 Nd6 21.
Qe6+ Bf7 22. Qg4+ Kh8 23. f5 Rg8 24. Qf4 Qd7 25. c4 dxc4 26. Rc3 Rae8 27. Rh3
Rg5 28. Nf3 Rxf5 29. Qh6 Bg8 30. Nh4 Qg7 31. Nxf5 Nxf5 32. Qh5 Rd8 33. Qxf5 c3
34. Rxc3 c6 35. Rg3 Qf7 36. Rd1 Rd5 37. Qc8 Qe6 38. Qxb7 1-0

[Event "Titled Tue 1st Jul Early"]
[Site "chess.com INT"]
[Date "2025.07.01"]
[Round "8"]
[White "Belov, Alexei"]
[Black "Paltrinieri, Nicholas"]
[Result "1/2-1/2"]
[WhiteTitle "IM"]
[BlackTitle "FM"]
[WhiteElo "2421"]
[BlackElo "2359"]
[WhiteFideId "4128206"]
[BlackFideId "828262"]
[EventDate "2025.07.01"]

1. e4 g6 2. d4 Bg7 3. Nc3 d6 4. f4 e6 5. Nf3 Nc6 6. Be3 Nf6 7. e5 Nd5 8. Nxd5
exd5 9. Bb5 O-O 10. O-O Bf5 11. c3 Be4 12. Ng5 Ne7 13. Bd3 Nf5 14. Bf2 Bxd3 15.
Qxd3 dxe5 16. dxe5 h6 17. Nf3 Qd7 18. Nd4 Nxd4 19. Bxd4 b6 20. b4 Rfc8 21. b5 a6
22. a4 axb5 23. axb5 c5 24. bxc6 Qxc6 25. Rxa8 Rxa8 26. f5 gxf5 27. Qxf5 Qe6 28.
Qf4 Ra2 29. h3 Qg6 30. Rf2 Ra1+ 31. Kh2 Bf8 32. Rf3 Be7 33. Rg3 Bg5 34. Qf2 Qb1
35. Rg4 Qh1+ 36. Kg3 Rd1 37. Qf5 Qe1+ 38. Kh2 Qh1+ 39. Kg3 Qe1+ 40. Kh2 Qh1+ 41.
Kg3 1/2-1/2

[Event "Titled Tue 1st Jul Early"]
[Site "chess.com INT"]
[Date "2025.07.01"]
[Round "8"]
[White "Aradhya, Garg"]
[Black "Yaksin, Oleg"]
[Result "1-0"]
[WhiteTitle "IM"]
[BlackTitle "FM"]
[WhiteElo "2370"]
[BlackElo "2393"]
[WhiteFideId "25006746"]
[BlackFideId "24105880"]
[EventDate "2025.07.01"]

1. d4 Nf6 2. c4 e6 3. Nf3 b6 4. Nc3 Bb7 5. a3 d5 6. cxd5 Nxd5 7. e3 Be7 8. Bb5+
c6 9. Bd3 O-O 10. O-O Nd7 11. e4 Nxc3 12. bxc3 c5 13. Bf4 cxd4 14. cxd4 Rc8 15.
d5 Nc5 16. Re1 exd5 17. e5 Ne4 18. Nd4 Bc5 19. Be3 Re8 20. f3 Ng5 21. f4 Ne4 22.
Nf5 g6 23. Bxc5 bxc5 24. Bxe4 dxe4 25. Nd6 Re7 26. Nxc8 Qxc8 27. Rc1 e3 28. Rxe3
Qc6 29. Qf3 Qb6 30. Qf2 Rd7 31. Rec3 Qa5 32. Qxc5 Qa4 33. Qc4 Rd1+ 34. Kf2 Rd2+
35. Ke3 Qd7 36. Rd3 Rxd3+ 37. Qxd3 Qe7 38. g3 g5 39. Qd6 Qe8 40. fxg5 Qb5 41.
Rd1 Qb3+ 42. Rd3 Qb1 43. Qd8+ Kg7 44. Qf6+ Kg8 45. Rd8# 1-0

[Event "Titled Tue 1st Jul Early"]
[Site "chess.com INT"]
[Date "2025.07.01"]
[Round "8"]
[White "Pranav, V"]
[Black "Terry, Renato"]
[Result "1-0"]
[WhiteTitle "GM"]
[BlackTitle "IM"]
[WhiteElo "2594"]
[BlackElo "2508"]
[WhiteFideId "25060783"]
[BlackFideId "3803457"]
[EventDate "2025.07.01"]

1. d4 e6 2. Nc3 Nf6 3. Bg5 Bb4 4. e3 h6 5. Bxf6 Bxc3+ 6. bxc3 Qxf6 7. Bd3 d6 8.
Ne2 e5 9. O-O O-O 10. Ng3 d5 11. f4 exd4 12. exd4 Nc6 13. Nh5 Qh4 14. f5 Qg5 15.
Rf4 Kh8 16. Qf3 Bd7 17. Rf1 Rae8 18. Ng3 Qf6 19. Nh5 Qg5 20. f6 g6 21. Ng7 h5
22. Nxe8 Rxe8 23. h4 Qh6 24. Qxd5 Be6 25. Qg5 Qxg5 26. hxg5 Bxa2 27. Re4 Rd8 28.
Rfe1 Rd5 29. Ra1 Ra5 30. Re8+ Kh7 31. Re7 Kg8 32. Rxc7 h4 33. Kh2 h3 34. gxh3 1-0

[Event "Titled Tue 1st Jul Early"]
[Site "chess.com INT"]
[Date "2025.07.01"]
[Round "8"]
[White "Zhigalko, Sergei"]
[Black "Rosen, Eric"]
[Result "1-0"]
[WhiteTitle "GM"]
[BlackTitle "IM"]
[WhiteElo "2572"]
[BlackElo "2377"]
[WhiteFideId "13502956"]
[BlackFideId "2032562"]
[EventDate "2025.07.01"]

1. e4 e6 2. d4 d5 3. e5 Bd7 4. Nf3 a6 5. c3 Bb5 6. Bxb5+ axb5 7. O-O Nd7 8. Re1
Nb6 9. Qd3 c6 10. b3 Ne7 11. h4 Nf5 12. h5 Be7 13. g4 Nh4 14. Nbd2 h6 15. Nxh4
Bxh4 16. Nf3 Be7 17. Kg2 Kd7 18. Nh2 Qg8 19. Kh3 g6 20. Bd2 Qh7 21. Re3 Bg5 22.
Rf3 gxh5 23. gxh5 f5 24. exf6 Qf7 25. Qg6 Qxg6 26. hxg6 Bxd2 27. Ng4 Bg5 28. f7
Ke7 29. g7 h5 30. Ne5 1-0

[Event "Titled Tue 1st Jul Early"]
[Site "chess.com INT"]
[Date "2025.07.01"]
[Round "8"]
[White "Deac, Bogdan-Daniel"]
[Black "Akhmedov, David"]
[Result "0-1"]
[WhiteTitle "GM"]
[BlackTitle "FM"]
[WhiteElo "2674"]
[BlackElo "2447"]
[WhiteFideId "1226380"]
[BlackFideId "34220194"]
[EventDate "2025.07.01"]

1. d4 Nf6 2. c4 e6 3. Nc3 Bb4 4. e3 O-O 5. Bd3 d5 6. a3 dxc4 7. Bxc4 Be7 8. Qe2
a6 9. Nf3 Nbd7 10. e4 b5 11. Bd3 Bb7 12. h4 e5 13. dxe5 Ng4 14. Bf4 Bc5 15. O-O
Re8 16. Rad1 Qc8 17. e6 fxe6 18. e5 Rf8 19. Bxh7+ Kh8 20. Bg3 Bxf3 21. gxf3 Nxf2
22. Bxf2 Bxf2+ 23. Rxf2 Kxh7 24. Qd3+ Rf5 25. Qxd7 Qg8 26. Ne4 Raf8 27. Ng5+ Kh8
28. Qxe6 Rxg5+ 29. hxg5 Qxe6 30. Re1 Qf5 31. Rg2 Re8 32. Rge2 Qxg5+ 33. Kf2 Qh4+
34. Kg2 Re6 0-1

[Event "Titled Tue 1st Jul Early"]
[Site "chess.com INT"]
[Date "2025.07.01"]
[Round "8"]
[White "Gogolev, Artem"]
[Black "Reprintsev, Alexander"]
[Result "0-1"]
[WhiteTitle "IM"]
[BlackTitle "IM"]
[WhiteElo "2240"]
[BlackElo "2256"]
[WhiteFideId "4116615"]
[BlackFideId "14100541"]
[EventDate "2025.07.01"]

1. d4 d5 2. c4 e5 3. dxe5 d4 4. Nf3 Nc6 5. a3 g6 6. b4 Bg7 7. Bb2 Nh6 8. Nxd4
Nxe5 9. e3 O-O 10. Be2 Qg5 11. g3 Neg4 12. Nd2 Nxe3 13. fxe3 Qxe3 14. Nf1 Qe4
15. Qd3 Qxh1 16. Bf3 Re8+ 17. Ne2 Bxb2 18. Bxh1 Bxa1 19. Kf2 Bf5 20. Qd1 Ng4+
21. Kg1 Bb2 22. Bf3 Rad8 23. Qb3 Bg7 24. h3 Ne5 25. Bg2 Bd3 26. Nf4 Bxc4 27. Qa4
Nd3 28. Nxd3 Bxd3 29. Kh2 Bxf1 30. Bxf1 Rd2+ 31. Kg1 Re1 0-1

[Event "Titled Tue 1st Jul Early"]
[Site "chess.com INT"]
[Date "2025.07.01"]
[Round "8"]
[White "Dragnev, Valentin"]
[Black "Karpenko, Anton"]
[Result "0-1"]
[WhiteTitle "GM"]
[BlackTitle "CM"]
[WhiteElo "2547"]
[BlackElo "2218"]
[WhiteFideId "1634852"]
[BlackFideId "34374353"]
[EventDate "2025.07.01"]

1. e4 c5 2. Nf3 Nc6 3. Bc4 g6 4. O-O Bg7 5. c3 e6 6. d4 cxd4 7. Nxd4 Nxd4 8.
cxd4 d5 9. exd5 exd5 10. Re1+ Ne7 11. Bb5+ Bd7 12. Bg5 f6 13. Bxd7+ Qxd7 14. Bf4
Kf7 15. Nc3 Rhe8 16. Qb3 Rad8 17. h4 Nc6 18. Rxe8 Kxe8 19. Re1+ Kf8 20. Nb5 a6
21. Nd6 Nxd4 22. Qxd5 Nb5 23. Rd1 Qe7 24. a4 Nc7 25. Qxb7 Ne6 26. Qe4 f5 27. Qe3
Nxf4 28. Qxf4 Be5 29. Qh6+ Kg8 30. Qe3 Bxd6 31. Qb3+ Qf7 0-1

[Event "Titled Tue 1st Jul Early"]
[Site "chess.com INT"]
[Date "2025.07.01"]
[Round "8"]
[White "Shakirov, Marat"]
[Black "Jiganchine, Roman"]
[Result "0-1"]
[WhiteTitle "FM"]
[BlackTitle "CM"]
[WhiteElo "2167"]
[BlackElo "2205"]
[WhiteFideId "44118171"]
[BlackFideId "2603667"]
[EventDate "2025.07.01"]

1. d4 d5 2. c4 e6 3. Nf3 Nf6 4. g3 c5 5. cxd5 exd5 6. Bg2 Nc6 7. O-O cxd4 8.
Nxd4 Bc5 9. Nb3 Bb6 10. Nc3 d4 11. Na4 O-O 12. Bg5 Re8 13. Nxb6 axb6 14. Bxc6
bxc6 15. Qxd4 Qxd4 16. Nxd4 c5 17. Nb5 Rxe2 18. Bxf6 gxf6 19. Rfe1 Rxe1+ 20.
Rxe1 Be6 21. Nc3 b5 22. Ne4 Rxa2 23. Nxc5 Bh3 24. f3 Rxb2 25. g4 Rg2+ 26. Kh1
Rc2 27. Nd3 Bg2+ 28. Kg1 Bxf3 29. h3 Rg2+ 30. Kf1 Rd2 31. Re3 Be2+ 32. Rxe2 Rxd3
33. Kg2 Kg7 34. Rb2 Rd5 35. Kg3 Kg6 36. Kf4 Rc5 37. Kg3 f5 38. Rd2 Rc3+ 39. Kh4
fxg4 40. Rd6+ f6 41. hxg4 b4 42. Rb6 b3 43. Rb8 Rf3 44. Rg8+ Kf7 45. Rb8 h6 46.
Rb7+ Ke6 47. Rb8 Kd5 48. Kh5 Kc4 49. Kxh6 Kc3 50. Kg6 b2 0-1

[Event "Titled Tue 1st Jul Early"]
[Site "chess.com INT"]
[Date "2025.07.01"]
[Round "8"]
[White "Kollars, Dmitrij"]
[Black "Reshetnikov, Alexey"]
[Result "1-0"]
[WhiteTitle "GM"]
[BlackTitle "IM"]
[WhiteElo "2644"]
[BlackElo "2492"]
[WhiteFideId "12909572"]
[BlackFideId "4162080"]
[EventDate "2025.07.01"]

1. e4 e6 2. d4 d5 3. Nc3 Nf6 4. Bg5 dxe4 5. Nxe4 Be7 6. Nxf6+ Bxf6 7. Bxf6 Qxf6
8. Nf3 O-O 9. Qd3 Rd8 10. O-O-O c5 11. Qe4 Nc6 12. Bd3 Qh6+ 13. Kb1 cxd4 14. h4
Nb4 15. Bc4 Bd7 16. Nxd4 Rac8 17. Bb3 Nc6 18. Nb5 Qg6 19. Qe3 a6 20. Nd6 Rb8 21.
h5 Qf6 22. h6 g6 23. Ne4 Qe7 24. g4 e5 25. f3 Kh8 26. c3 f6 27. Qc5 f5 28. Qxe7
Nxe7 29. Nf6 Bc6 30. Rxd8+ Rxd8 31. Re1 Bxf3 32. gxf5 e4 33. fxg6 Nxg6 34. Bc2
Nh4 35. Bxe4 Bxe4+ 36. Rxe4 Nf5 37. Re5 Nxh6 38. Re7 1-0

[Event "Titled Tue 1st Jul Early"]
[Site "chess.com INT"]
[Date "2025.07.01"]
[Round "8"]
[White "Christiansen, Johan-Sebastian"]
[Black "Cuenca Jimenez, Jose Fernando"]
[Result "1-0"]
[WhiteTitle "GM"]
[BlackTitle "GM"]
[WhiteElo "2642"]
[BlackElo "2477"]
[WhiteFideId "1512668"]
[BlackFideId "2255570"]
[EventDate "2025.07.01"]

1. e4 c5 2. Nf3 Nc6 3. b4 cxb4 4. d4 d5 5. exd5 Qxd5 6. c4 bxc3 7. Nxc3 Qa5 8.
d5 Qxc3+ 9. Bd2 Qa3 10. dxc6 bxc6 11. Qc2 Bd7 12. Ne5 Qd6 13. Nxd7 Qxd7 14. Be2
e6 15. O-O Ne7 16. Rfc1 Nd5 17. Qb2 Be7 18. Qxg7 Bf6 19. Qh6 Bxa1 20. Rxa1 Qe7
21. Rb1 Qf6 22. Qh3 Qf5 23. Qb3 O-O 24. Bd3 Qg4 25. h3 Qg7 26. Qd1 Rad8 27. Rc1
Rd6 28. Qf3 Rfd8 29. Ba5 Qf6 30. Qh5 Qg7 31. Bxd8 Nf4 32. Bxh7+ Qxh7 33. Qg4+
Qg6 34. Qxf4 Rxd8 35. Rxc6 Qb1+ 36. Kh2 Qb8 37. Rc7 Rd7 38. Qg3+ 1-0

[Event "Titled Tue 1st Jul Early"]
[Site "chess.com INT"]
[Date "2025.07.01"]
[Round "8"]
[White "Yonal, Timur"]
[Black "Jaskolka, Tomasz"]
[Result "1-0"]
[WhiteTitle "FM"]
[BlackTitle "CM"]
[WhiteElo "2090"]
[BlackElo "2194"]
[WhiteFideId "44115725"]
[BlackFideId "1170791"]
[EventDate "2025.07.01"]

1. Nf3 d5 2. e3 Bg4 3. c4 c6 4. Be2 e6 5. b3 Nf6 6. Bb2 Nbd7 7. h3 Bxf3 8. Bxf3
Be7 9. Nc3 O-O 10. Qc2 a5 11. g4 Ne5 12. Be2 d4 13. exd4 Ng6 14. Ne4 Nf4 15. Bf3
c5 16. dxc5 Nd3+ 17. Ke2 Nxc5 18. d4 Ncd7 19. Rad1 a4 20. Rhe1 axb3 21. axb3 Bb4
22. Bc3 Bxc3 23. Qxc3 Nxe4 24. Bxe4 Nf6 25. Bxb7 Ra2+ 26. Kf1 Qb8 27. Bg2 Qh2
28. b4 h5 29. g5 Nh7 30. Qg3 Qxg3 31. fxg3 Nxg5 32. b5 Rb2 33. Rb1 Rc2 34. Rec1
Rxc1+ 35. Rxc1 e5 36. d5 e4 37. b6 f5 38. c5 f4 39. gxf4 Rxf4+ 40. Ke2 e3 41.
Kxe3 Rb4 42. d6 Kf8 43. b7 Ne6 44. c6 Rb3+ 45. Kd2 Nf4 46. c7 Nxg2 47. d7 Kf7
48. d8=N+ Kg6 49. c8=Q Nf4 50. Rc6+ Kh7 51. Qf5+ g6 52. Rc7+ Kh6 53. Qxf4+ 1-0